| 000 | 00800 a2200193 4500 | ||
|---|---|---|---|
| 003 | NUST | ||
| 005 | 20251218165910.0 | ||
| 040 | _cNust | ||
| 082 | _a621.382,BAQ | ||
| 100 |
_aBaqar, NC Romaila (TE-48) _9132483 |
||
| 245 |
_aImplementing FIPS 140-2 (tamper resistance) standard using FPGA / _cNC Romaila Baqar, PC Sara Farrukh , NC Mamoona Shah and NC Rao Ahmad Rahil |
||
| 260 |
_aRawalpindi _bMCS (NUST) _cJune-2015 |
||
| 300 | _axi, 58 p.: | ||
| 505 | _aIntroduction (Page-2), Literature Review (Page-7), Design and Development (Page-10), Project Analysis and Evaluation (Page-30), Recommendation for Future Work (Page-47), Conclusion (Page-49). | ||
| 650 |
_aUG Project _9131132 |
||
| 651 | _aTE-48 | ||
| 700 |
_aSupervised by Asst. Prof. Muhammad Waseem Iqbal _9132484 |
||
| 942 |
_cPR _2ddc |
||
| 999 |
_c217238 _d217238 |
||